| 000 | 01030nmm a2200337 a 4500 | ||
|---|---|---|---|
| 003 | AR-BaBNM | ||
| 005 | 20251128205639.0 | ||
| 008 | 098019s1994 ||||||||||||||000 | spa|| | ||
| 020 | _a950-786-067-3 | ||
| 040 | _cAR-BaBNM | ||
| 100 | 1 | _aWeinmann, Ricardo | |
| 245 | 1 | 0 |
_aArgentina en la Primera Guerra Mundial _bneutralidad, transición política y continuismo económico |
| 250 | _a1ª ed. | ||
| 260 |
_aBuenos Aires _bBiblos _bFundación Simón Rodríguez _c1994 |
||
| 300 | 0 |
_a165 p. _btablas |
|
| 504 | _aFuentes y bibliografía para consultar p. 151-165 | ||
| 600 | _aDe La Plaza, Victorino | ||
| 600 | 1 | 4 |
_aYrigoyen, Hipólito _d1916-1922 |
| 600 | 0 | 4 |
_aPlaza _d1914-1916 |
| 650 | 4 | _aREVOLUCIONES RADICALES | |
| 650 | 4 | _aPRIMERA GUERRA MUNDIAL | |
| 650 | 4 | _aPRESIDENCIAS ARGENTINAS | |
| 650 | 4 | _aHISTORIA POLITICA | |
| 650 | 4 | _aHISTORIA SOCIAL | |
| 650 | 4 | _aGUERRA | |
| 650 | 4 | _aNEUTRALIDAD | |
| 650 | 4 | _aRELACIONES EXTERIORES | |
| 653 | 0 | _aMODELO AGROEXPORTADOR | |
| 942 | _cBK | ||
| 998 | _cMariana | ||
| 999 |
_c12224 _d12224 |
||